| 000 | 00933cam a2200289 a 4500 | ||
|---|---|---|---|
| 001 | 4520819 | ||
| 005 | 20150826094358.0 | ||
| 008 | 991019r19991984miu ab 000 0 eng d | ||
| 020 | _a0802816045 | ||
| 035 | _a(OCoLC)83318286 | ||
| 035 | _a(OCoLC)ocm83318286 | ||
| 035 | _a(NNC)4520819 | ||
| 040 |
_aNNUT _cNNUT |
||
| 090 |
_aBD215 _b.W65 1984a |
||
| 100 | 1 |
_aWolterstorff, Nicholas. _918730 |
|
| 245 | 1 | 0 |
_aReason within the bounds of religion / _cby Nicholas Wolterstorff |
| 260 |
_aGrand Rapids, Mich. : _bEerdmans, _c1999 |
||
| 300 |
_a161 p. ; _c18 cm |
||
| 500 | _aReprint. Originally published: 2nd ed. -- Grand Rapid, Mich. : Eerdmans, 1984 | ||
| 504 | _aIncludes bibliographical references | ||
| 650 | 0 |
_aBelief and doubt. _918731 |
|
| 650 | 0 |
_aTheory (Philosophy) _918464 |
|
| 650 | 0 |
_aPhilosophy and religion. _918732 |
|
| 650 | 0 |
_aThought and thinking. _96272 |
|
| 942 |
_2lcc _cELECTRONIC |
||
| 999 |
_c123092 _d123092 |
||